What movie is that opening line from? #1 - Statistics

General Stats
  • This quiz has been taken 8 times
  • The average score is 3 of 8
Answer Stats
Hint Answer % Correct
I am Gunnery Sergeant Hartman, your Senior Drill Instructor. From now on, you will speak only when spoken to, and the first and last words out of your filthy sewers will be "Sir!" Do you maggots understand that? Full Metal Jacket
100%
(text) This is a true story. The events depicted in this film took place in Minnesota in 1987. At the request of the survivors, the names have been changed. Out of respect for the dead, the rest has been told exactly as it occurred. Fargo
71%
I was sheriff of this county when I was twenty-five. Hard to believe. Grandfather was a lawman. Father too. Me and him was sheriff at the same time, him in Plano and me here. I think he was pretty proud of that. I know I was. No Country For Old Men
43%
Hello, panel, and welcome everyone to another exciting day on "To Tell The Truth." Let's get the show started. Catch Me If You Can
29%
It started with a chair. Juno
29%
My father, who was well-known to the best circles in this kingdom under the name of roaring Harry James, was killed in a duel, when I was fifteen years old. Barry Lyndon
14%
All right, enough is enough. You can't eat the Venetian blinds, Curly. I just had 'em installed on Wednesday. Chinatown
14%
Tonight we'll discuss a subject most of us seem to consider either bad taste or frivolous or funny. But if our experts are right, we face what might be called a masculinity crisis. Every fourth American man uptight, threatened by the increasing sexual demands of American women... Midnight Cowboy
14%
No matching quizzes found
Score Distribution
Percent of People with Each Score
Percentile by Number Answered
Your Score History
You have not taken this quiz